| 000 | 01244nac a22003495a 4500 | ||
|---|---|---|---|
| 003 | EG-ScBUE | ||
| 005 | 20220807111250.0 | ||
| 008 | 090225t2007 nyua f 000 0 eng d | ||
| 020 | _a9780194361132 | ||
| 020 | _a9780194361149 (CD- Rom) | ||
| 040 |
_aEG-ScBUE _beng _erda _cEG-ScBUE _dEG-ScBUE |
||
| 082 | 0 | 4 |
_a428.34 _bDUN _222 |
| 100 | 1 |
_aDuncan, Janie, _eauthor. _938470 |
|
| 245 | 1 | 0 |
_aOpen forum. _n3, _pAcademic listening and speaking / _cJanie Duncan, Amy Parker. |
| 264 | 1 |
_aNew York, NY ; _aOxford, UK : _bOxford University Press, _c[2007] |
|
| 264 | 4 | _cc2007 | |
| 300 |
_avii, 112 pages : _billustrations ; _c27 cm + _e3 CD |
||
| 336 |
_2rdacontent _atext _btxt |
||
| 336 |
_2rdacontent _asounds _bsnd |
||
| 337 |
_2rdamedia _aunmediated _bn |
||
| 337 |
_2rdamedia _aaudio _bs |
||
| 338 |
_2rdacarrier _avolume _bnc |
||
| 338 |
_2rdacarrier _acomputer disc _bcd |
||
| 500 | _a"Free audio downloads for more practice"--Cover. | ||
| 650 | 7 |
_aEnglish language _vTextbooks for foreign speakers. _2BUEsh |
|
| 650 | 7 |
_aEnglish language _vSpoken English. _2BUEsh |
|
| 651 | _2BUEsh | ||
| 653 |
_cOctober2015 _bHHUUEENN |
||
| 655 |
_vReading book _934232 |
||
| 700 | 1 |
_aParker, Amy. _c(Teacher) _eauthor. _940303 |
|
| 942 |
_cBB _2ddc |
||
| 999 |
_c9157 _d9157 |
||